000 00396nam a22001577a 4500
003 LK-CoDNM
005 20240814123625.0
008 240814b |||||||| |||| 00| 0 eng d
040 _aLK-CoDNM
_dLK-CoDNM
_eLK-CoDNM
080 _a10
_bU22
100 _aFISHER H.A.L
245 _aA History Of Europe
260 _alondon
_bedward arnold & co
300 _axiv, 1301p. ; 23 cm
942 _cBK
999 _c147656
_d147656